=LDR 00000nam 2200000 4500 =001 INLIS000000000059530 =005 20211116083206 =035 ##$$a 0010-1121000267 =007 ta =008 211116###########################0#ind## =020 ##$$a tidak Teridentifikasi =082 ##$$a 306.4 =084 ##$$a 306.4 Soe e =245 1#$$a Emile Durkheim : $b Aturan - aturan metode sosiologis /$c Dr. Soerjono Soekanto, SH. MA =300 ##$$a 155 halaman ; $c 20 cm =650 #4$$a Sosiologi =264 ##$$a Jakarta :$b Rajawali,$c 1985 =336 ##$$a teks$2 rdacontent =337 ##$$a lain-lain$2 rdamedia =338 ##$$a lain-lain$2 rdacarrier =990 ##$$a 29932993